Information and communication technologies and rural development

Gespeichert in:
Bibliographische Detailangaben
Format: Buch
Sprache:Englisch
Veröffentlicht: Paris OECD 2001
Schriftenreihe:Territorial economy
Schlagworte:
Tags: Tag hinzufügen
Keine Tags, Fügen Sie das erste Tag hinzu!

MARC

LEADER 00000nam a2200000 4500
001 c126842
005 20221124105216.9
020 |a 92-64-18670-0 
041 0 |a eng 
044 |a FR 
245 1 0 |a Information and communication technologies and rural development 
264 1 |a Paris  |b OECD  |c 2001 
300 |a 191 s. 
490 1 |a Territorial economy 
830 0 |a Territorial economy 
610 2 0 |a technológie informačné 
610 2 0 |a technológie komunikačné 
610 2 0 |a poľnohospodárstvo 
610 2 0 |a modely 
610 2 0 |a politika hospodárska 
610 2 0 |a telekomunikácie 
610 2 0 |a infraštruktúra 
610 2 0 |a regióny 
610 2 0 |a projekty 
610 2 0 |a štúdie prípadové 
610 2 0 |a využitie počítačov 
610 2 0 |a Írsko 
610 2 0 |a Kanada 
610 2 0 |a Francúzsko 
610 2 0 |a USA 
610 2 0 |a svet 
610 2 0 |a OECD